Fifth Harmony - All Songs - Statistics

General Stats
  • This quiz has been taken 496 times
    419 since last reset
  • The average score is 33 of 49
Answer Stats
Album Song Featured Artist(s) Release Date (DD/MM/YYYY) % Correct
7/27 Work From Home Ty Dolla $ign 26/02/2016
91%
Reflection Worth It Kid Ink 02/03/2015
89%
Better Together (EP) Better Together
88%
Better Together (EP) Miss Movin' On 04/06/2013
88%
7/27 All In My Head (Flex) Fetty Wap 07/06/2016
86%
Reflection Boss 07/07/2014
85%
Reflection Reflection
85%
Fifth Harmony Down Gucci Mane 02/06/2017
84%
Hotel Transylvania 2 I'm In Love With A Monster 14/08/2015
83%
Reflection Sledgehammer 28/10/2014
79%
7/27 That's My Girl (16/05/2016)
79%
Reflection Like Mariah Tyga
75%
Better Together (Deluxe) Me & My Girls (18/07/2013)
75%
7/27 Write On Me (06/05/2016)
75%
Reflection (Deluxe) Brave, Honest, Beautiful Meghan Trainor
74%
Fifth Harmony Angel (06/08/2017)
73%
Fifth Harmony Don't Say You Love Me 18/05/2018
72%
Fifth Harmony He Like That 25/08/2017
71%
Better Together (EP) Who Are You
70%
Reflection Top Down
68%
7/27 (Deluxe) Dope
67%
Fifth Harmony (Add) Por Favor Pitbull 27/11/2017
67%
Fifth Harmony Bridges
66%
7/27 (Deluxe) No Way
66%
Reflection Suga Mama
66%
7/27 (Japan Deluxe) Big Bad Wolf
64%
7/27 I Lied
64%
Better Together (EP) Leave My Heart Out Of This
64%
7/27 Not That Kinda Girl Missy Elliot
64%
7/27 The Life (24/03/2016)
64%
Fifth Harmony Deliver
63%
7/27 Squeeze
63%
Reflection (Deluxe) Going Nowhere
62%
Reflection We Know
62%
Better Together (EP) Don't Wanna Dance Alone
61%
7/27 Scared of Happy
60%
Fifth Harmony Lonely Night
58%
Reflection This Is How We Roll
58%
7/27 Gon' Get Better
57%
Fifth Harmony Messy
57%
Fifth Harmony Sauced Up
56%
Reflection Them Girls Be Like 24/08/2014
56%
Reflection (Deluxe) Body Rock
55%
Reflection Everlasting Love
54%
7/27 (Japan Deluxe) 1000 Hands
53%
Fifth Harmony Make You Mad
51%
7/27 (Napster Deluxe) Voicemail
41%
Better Together (Extra) One Wish
37%
Better Together (Extra) Tellin' Me
11%
No matching quizzes found
Score Distribution
Percent of People with Each Score
Percentile by Number Answered
Your Score History
You have not taken this quiz since the last reset